MARC details
| 000 -CABECERA |
| campo de control de longitud fija |
01212nam a2200241 a 4500 |
| 001 - NÚMERO DE CONTROL |
| campo de control |
000048523 |
| 003 - IDENTIFICADOR DEL NÚMERO DE CONTROL |
| campo de control |
DO-SdBNP |
| 005 - FECHA Y HORA DE LA ÚLTIMA TRANSACCIÓN |
| campo de control |
20221115143345.0 |
| 007 - CAMPO FIJO DE DESCRIPCIÓN FÍSICA--INFORMACIÓN GENERAL |
| campo de control de longitud fija |
ta |
| 008 - DATOS DE LONGITUD FIJA--INFORMACIÓN GENERAL |
| campo de control de longitud fija |
190327s2017 dr ad 000 m spa d |
| 020 ## - NÚMERO INTERNACIONAL ESTÁNDAR DEL LIBRO |
| Número Internacional Estándar del Libro |
9789945891775 |
| 040 ## - FUENTE DE LA CATALOGACIÓN |
| Centro catalogador/agencia de origen |
DO-SdBNP |
| Lengua de catalogación |
spa |
| Centro/agencia transcriptor |
BNPHU |
| 082 #4 - NÚMERO DE LA CLASIFICACIÓN DECIMAL DEWEY |
| Número de documento/Ítem |
R426i |
| Número de edición |
22 |
| 110 2# - ENTRADA PRINCIPAL--NOMBRE DE ENTIDAD CORPORATIVA |
| Nombre de entidad corporativa o nombre de jurisdicción como elemento de entrada |
República Dominicana. |
| Unidad subordinada |
Ministerio de Educación Superior, Ciencia y Tecnología MESCyT. |
| 9 (RLIN) |
75314 |
| 245 10 - MENCIÓN DE TÍTULO |
| Título |
Informe general sobre estadísticas de educación superior 2015 y resumen histórico 2005-2015 / |
| Mención de responsabilidad, etc. |
presentación Alejandrina Germán Mejía ; diagramación Rosa María López A. |
| 260 ## - PUBLICACIÓN, DISTRIBUCIÓN, ETC. |
| Lugar de publicación, distribución, etc. |
Santo Domingo : |
| Nombre del editor, distribuidor, etc. |
MESCyT, |
| Fecha de publicación, distribución, etc. |
2017. |
| 300 ## - DESCRIPCIÓN FÍSICA |
| Extensión |
xv, 262 p. : |
| Otras características físicas |
il, gráf., tablas ; |
| Dimensiones |
27 cm. |
| 505 0# - NOTA DE CONTENIDO CON FORMATO |
| Nota de contenido con formato |
Agradecimientos -- |
| Título |
Tabla de contenido -- |
| -- |
Presentación -- |
| -- |
Resumen ejecutivo -- |
| -- |
Resumen histórico de las estadísticas de educación superior dominicana 2005-2015 -- |
| -- |
Estadísticas de educación superior dominicana -- |
| -- |
Resumen histórico de las estadísticas de educación superior dominicana 2005-2015 --. |
| 590 ## - NOTA LOCAL (RLIN) |
| Nota local |
Inventariado, 2019/LP |
| 700 1# - PUNTO DE ACCESO ADICIONAL--NOMBRE DE PERSONA |
| Nombre de persona |
Germán Mejía, Alejandrina, |
| Término indicativo de función/relación |
prest. |
| 9 (RLIN) |
36556 |
| 700 1# - PUNTO DE ACCESO ADICIONAL--NOMBRE DE PERSONA |
| Nombre de persona |
López A., Rosa María, |
| Término indicativo de función/relación |
diagramadora |
| 9 (RLIN) |
75948 |
| 942 ## - ELEMENTOS DE PUNTO DE ACCESO ADICIONAL (KOHA) |
| Fuente del sistema de clasificación o colocación |
Dewey Decimal Classification |
| Tipo de ítem Koha |
Libro |